[Event "2. Bundesliga West 2010/11"]
[Site "Hohenems"]
[Date "2010.10.16"]
[Round "2"]
[Board "3"]
[White "Amann, Guenter"]
[Black "Poettinger, Harald"]
[Result "1/2-1/2"]
[WhiteElo "2336"]
[BlackElo "2202"]
[PlyCount "126"]
[EventDate "2010.10.15"]
[EventType "team"]
[EventRounds "11"]
[EventCountry "AUT"]
[WhiteTeam "Hohenems II"]
[BlackTeam "Bregenz"]

1.Nf3 d6 2.d4 g6 3.g3 Bg7 4.c4 c5 5.Bg2 Nc6 6.d5 Na5 7.O-O Rb8 8.Nbd2 a6 9.Rb1
Nf6 10.e4 O-O 11.a3 b5 12.cxb5 axb5 13.b4 cxb4 14.axb4 Nc4 15.Nxc4 bxc4 16.Nd4
Bd7 17.Nc6 Bxc6 18.dxc6 Qb6 19.b5 Qa5 20.e5 dxe5 21.Bd2 c3 22.Bxc3 Qxc3 23.b6 e4
24.Qc1 Nd5 25.Bxe4 Nxb6 26.c7 Rbc8 27.Qxc3 Bxc3 28.Rxb6 Rxc7 29.Rc1 Be5 30.Rxc7
Bxc7 31.Ra6 Rd8 32.Ra8 Bb8 33.Kg2 Kg7 34.h4 Rd4 35.Rxb8 Rxe4 36.Rb5 Ra4 37.Rc5
Ra3 38.Rc6 h6 39.Rc5 e6 40.Rc7 Ra5 41.Rb7 Kf6 42.Rc7 h5 43.Rb7 e5 44.Rc7 Ke6
45.Rb7 f6 46.Rb8 Kf5 47.Rc8 e4 48.Rb8 Re5 49.Rb3 Kg4 50.Rb6 Kf5 51.Rb3 Rd5
52.Rb8 Rd2 53.Re8 Rd1 54.Ra8 Rd3 55.Re8 Rf3 56.Re7 Rc3 57.Re8 Rc2 58.Re7 Rc5
59.Ra7 Re5 60.Ra3 Kg4 61.Ra6 Kf5 62.Ra3 g5 63.hxg5 Kxg5 1/2-1/2

[Event "2. Bundesliga West 2010/11"]
[Site "Hohenems"]
[Date "2010.10.16"]
[Round "2"]
[Board "4"]
[White "Bezler, Rainer"]
[Black "Burschowsky, Matthias"]
[Result "1-0"]
[WhiteElo "2269"]
[BlackElo "2208"]
[PlyCount "81"]
[EventDate "2010.10.15"]
[EventType "team"]
[EventRounds "11"]
[EventCountry "AUT"]
[WhiteTeam "Bregenz"]
[BlackTeam "Hohenems II"]

1.d4 e6 2.Nf3 b6 3.c4 Bb7 4.a3 f5 5.Nc3 Nf6 6.g3 Be7 7.Bg2 O-O 8.O-O Ne4 9.Qc2
d6 10.Nd2 d5 11.cxd5 Nxc3 12.bxc3 Bxd5 13.e4 fxe4 14.Bxe4 Bxe4 15.Qxe4 Qd5
16.Re1 Qxe4 17.Rxe4 Rf6 18.Nc4 Bd6 19.Bg5 Rg6 20.h4 h6 21.Bd2 Nd7 22.Rae1 Nf8
23.Bf4 Bxf4 24.Rxf4 Rf6 25.Rfe4 Rd8 26.Ne5 c5 27.dxc5 bxc5 28.Ra4 Rd2 29.f4 Nd7
30.Nf3 Rd3 31.Kf2 Rxc3 32.Rxa7 Nb6 33.Rb1 Nc4 34.Rbb7 Rc2+ 35.Ke1 Rg6 36.h5 Rxg3
37.Rb8+ Kh7 38.Raa8 Rc1+ 39.Kf2 Rxf3+ 40.Kxf3 Rc3+ 41.Ke2 1-0

[Event "2. Bundesliga West 2010/11"]
[Site "Hohenems"]
[Date "2010.10.16"]
[Round "2"]
[Board "5"]
[White "Sandholzer, Robert"]
[Black "Heilinger, Dietmar"]
[Result "1-0"]
[WhiteElo "2095"]
[BlackElo "2159"]
[PlyCount "77"]
[EventDate "2010.10.15"]
[EventType "team"]
[EventRounds "11"]
[EventCountry "AUT"]
[WhiteTeam "Hohenems II"]
[BlackTeam "Bregenz"]

1.e4 e6 2.d4 d5 3.exd5 exd5 4.Nc3 c6 5.Bd3 Bd6 6.Nge2 Qf6 7.Be3 Nh6 8.Qd2 Ng4
9.Bf4 Nxf2 10.Qe3+ Ne4 11.Nxe4 dxe4 12.Qxe4+ Be7 13.O-O Qh4 14.Rae1 Be6 15.Ng3
g6 16.c4 O-O 17.d5 Bc5+ 18.Kh1 Bd7 19.Qf3 Bg4 20.Qe4 Bd7 21.Qe2 Na6 22.Ne4 Bd4
23.Bg5 Qg4 24.Qxg4 Bxg4 25.Bf6 Bc5 26.Bc3 f5 27.Nf6+ Rxf6 28.Bxf6 Nb4 29.Bb1
cxd5 30.a3 Nc6 31.cxd5 Nd4 32.d6 Ne2 33.Ba2+ Kf8 34.d7 Bb6 35.Bc4 Nd4 36.Bxd4
Bxd4 37.Bb5 a6 38.Re8+ Kf7 39.Rxa8 1-0

[Event "2. Bundesliga West 2010/11"]
[Site "Hohenems"]
[Date "2010.10.16"]
[Round "2"]
[Board "6"]
[White "Froewis, Annika"]
[Black "Medwed, Kai"]
[Result "1-0"]
[WhiteElo "1968"]
[BlackElo "1964"]
[PlyCount "50"]
[EventDate "2010.10.15"]
[EventType "team"]
[EventRounds "11"]
[EventCountry "AUT"]
[WhiteTeam "Bregenz"]
[BlackTeam "Hohenems II"]

1.e4 e6 2.d4 d5 3.Nc3 Nf6 4.Bg5 Bb4 5.e5 h6 6.Be3 Ne4 7.Nge2 c5 8.f3 Nxc3 9.bxc3
cxd4 10.Qxd4 Be7 11.Qg4 g6 12.Nd4 a6 13.Bd3 Qc7 14.Ne2 Nc6 15.f4 Ba3 16.Rb1 b5
17.O-O Na5 18.Bd4 Nc4 19.Rbe1 Bb7 20.Bxg6 O-O-O 21.Bd3 h5 22.Qh3 Rdg8 23.f5 Rg4
24.fxe6 fxe6 25.Nf4 Qe7 1-0

[Event "2. Bundesliga West 2010/11"]
[Site "Hohenems"]
[Date "2010.10.16"]
[Round "2"]
[Board "1"]
[White "Sergeev, Vladimir"]
[Black "Eisenbeiser, Amadeus"]
[Result "1-0"]
[WhiteElo "2486"]
[BlackElo "2397"]
[PlyCount "147"]
[EventDate "2010.10.15"]
[EventType "team"]
[EventRounds "11"]
[EventCountry "AUT"]
[WhiteTeam "Dornbirn"]
[BlackTeam "Goetzis"]

1.d4 g6 2.Nf3 Bg7 3.c3 Nf6 4.Bf4 d6 5.h3 O-O 6.e3 c5 7.dxc5 dxc5 8.Nbd2 Nc6 9.a4
Bf5 10.Bb5 Qc8 11.a5 Ne4 12.Nxe4 Bxe4 13.O-O a6 14.Be2 Bf5 15.Qa4 e5 16.Bg3 Rd8
17.e4 Be6 18.Ng5 Rd2 19.Rfe1 Bd7 20.Qa2 Be8 21.Bc4 Rd7 22.Bd5 Qc7 23.h4 h6
24.Nf3 Ne7 25.Bc4 Bf6 26.Nh2 h5 27.Qa3 Rdd8 28.Nf3 Bb5 29.Qb3 Bxc4 30.Qxc4 Rd7
31.Red1 Rad8 32.Rxd7 Rxd7 33.Ne1 Qd6 34.Nc2 Qd2 35.Qb3 c4 36.Qa4 Nc6 37.Rb1 Qd3
38.Re1 Qd2 39.Rb1 Qd3 40.Re1 Qd2 41.f3 Bd8 42.Ne3 Qxb2 43.Nd5 Qb5 44.Qxb5 axb5
45.Rb1 f6 46.Rxb5 Kf7 47.Bf2 Nxa5 48.Bb6 Bxb6+ 49.Nxb6 Rd1+ 50.Kh2 Ra1 51.Rc5
Ra3 52.Rc7+ Kf8 53.Nd5 Rb3 54.Rc8+ Kf7 55.Rc7+ Kf8 56.Rc5 b6 57.Rc8+ Kf7 58.Rc7+
Kf8 59.Nxf6 Rxc3 60.Nd7+ Ke7 61.Nxb6+ Kd6 62.Rg7 Rb3 63.Rxg6+ Kc5 64.Nd7+ Kd4
65.Rd6+ Ke3 66.Rd5 Nb7 67.Nxe5 c3 68.Nc4+ Ke2 69.e5 Rb4 70.Na3 Rxh4+ 71.Kg3 Ra4
72.Nc2 Ra6 73.e6 Nd6 74.e7 1-0

[Event "2. Bundesliga West 2010/11"]
[Site "Hohenems"]
[Date "2010.10.16"]
[Round "2"]
[Board "2"]
[White "Schloetzer, Waldemar"]
[Black "Novkovic, Milan"]
[Result "1-0"]
[WhiteElo "2282"]
[BlackElo "2386"]
[PlyCount "81"]
[EventDate "2010.10.15"]
[EventType "team"]
[EventRounds "11"]
[EventCountry "AUT"]
[WhiteTeam "Goetzis"]
[BlackTeam "Dornbirn"]

1.d4 Nf6 2.c4 e6 3.g3 Bb4+ 4.Bd2 Qe7 5.Bg2 Nc6 6.Nf3 Bxd2+ 7.Nbxd2 d6 8.O-O e5
9.d5 Nb8 10.e4 O-O 11.Ne1 a5 12.Nd3 Na6 13.f4 Nd7 14.f5 f6 15.a3 Ndc5 16.Nxc5
dxc5 17.Nf3 Bd7 18.g4 b5 19.cxb5 Bxb5 20.Rf2 Rfb8 21.Rc1 a4 22.g5 fxg5 23.Qd2 h6
24.Rc3 c4 25.Bf1 g4 26.Ne1 Nc5 27.Bxc4 Bxc4 28.Rxc4 Nb3 29.Qc3 Nd4 30.Rxc7 Qg5
31.f6 gxf6 32.d6 Kh8 33.d7 Rg8 34.Rc8 Nf3+ 35.Kf1 Kh7 36.Rxa8 Rxa8 37.d8=Q Rxd8
38.Qc7+ Kg6 39.Qxd8 Qe3 40.Nxf3 gxf3 41.Qd1 1-0

[Event "2. Bundesliga West 2010/11"]
[Site "Hohenems"]
[Date "2010.10.16"]
[Round "2"]
[Board "3"]
[White "Szakolczai, Peter"]
[Black "Schmidlechner, Alexander"]
[Result "1/2-1/2"]
[WhiteElo "2296"]
[BlackElo "2170"]
[PlyCount "120"]
[EventDate "2010.10.15"]
[EventType "team"]
[EventRounds "11"]
[EventCountry "AUT"]
[WhiteTeam "Dornbirn"]
[BlackTeam "Goetzis"]

1.e4 c5 2.Nf3 a6 3.d4 cxd4 4.c3 d3 5.Bxd3 d6 6.c4 Nc6 7.h3 g6 8.O-O Bg7 9.Nc3
Nf6 10.Qe2 O-O 11.Be3 Be6 12.Rac1 Rc8 13.Ng5 Bd7 14.f4 Na5 15.b4 Nc6 16.a3 e5
17.f5 Nh5 18.Qg4 Nf4 19.Bb1 h6 20.Nf3 Kh7 21.Bxf4 exf4 22.e5 Nxe5 23.Nxe5 Bxe5
24.fxg6+ Kg7 25.Qh5 Qg5 26.Qxg5 hxg5 27.Nd5 Be6 28.gxf7 Rxf7 29.Be4 g4 30.Kf2
Rh8 31.hxg4 Bxg4 32.Bf3 Bf5 33.Rfd1 Bb2 34.Nxf4 Bxc1 35.Rxc1 Bg4 36.Bxg4 Rxf4+
37.Bf3 b6 38.Rd1 Rf6 39.Rd5 Rc8 40.Rd4 Rc7 41.Ke2 Re7+ 42.Kd2 Re5 43.Rg4+ Rg6
44.Rd4 Rge6 45.Rg4+ Kf6 46.Rf4+ Ke7 47.Rh4 Kd8 48.Rh8+ Re8 49.Rh7 R5e7 50.Rh6
Kc7 51.a4 Rf8 52.c5 bxc5 53.bxc5 Rd8 54.Kc2 a5 55.cxd6+ Rxd6 56.Rh5 Kb6 57.Rb5+
Ka6 58.Rc5 Kb6 59.Rb5+ Ka6 60.Rc5 Kb6 1/2-1/2

[Event "2. Bundesliga West 2010/11"]
[Site "Hohenems"]
[Date "2010.10.16"]
[Round "2"]
[Board "4"]
[White "Scheffknecht, Philipp"]
[Black "Klocker, Benedikt"]
[Result "0-1"]
[WhiteElo "2118"]
[BlackElo "2211"]
[PlyCount "100"]
[EventDate "2010.10.15"]
[EventType "team"]
[EventRounds "11"]
[EventCountry "AUT"]
[WhiteTeam "Goetzis"]
[BlackTeam "Dornbirn"]

1.d4 Nf6 2.c4 g6 3.Nc3 Bg7 4.e4 d6 5.Nf3 O-O 6.Be2 e5 7.O-O Nc6 8.d5 Ne7 9.Ne1
Ne8 10.Be3 f5 11.f3 f4 12.Bf2 g5 13.c5 Rf7 14.Rc1 Bf8 15.cxd6 cxd6 16.Qb3 b6
17.Nd3 h5 18.h3 Rg7 19.Nxe5 dxe5 20.d6+ Kh8 21.dxe7 Qxe7 22.Nd5 Qf7 23.Qc3 Bd6
24.Qc6 Rb8 25.Bb5 Be6 26.Qc4 g4 27.Bxe8 Rxe8 28.fxg4 hxg4 29.Qc6 gxh3 30.Bh4
hxg2 31.Rf2 Rc8 32.Qxc8+ Bxc8 33.Rxc8+ Rg8 34.Bf6+ Kh7 35.Rxg8 Qxg8 36.Rxg2 Bc5+
37.Kh1 Qe6 38.Rh2+ Kg6 39.Rg2+ Kh5 40.Rg5+ Kh6 41.Rg2 f3 42.Bg7+ Kh5 43.Nf6+ Kh4
44.Rh2+ Kg3 45.Nh5+ Kg4 46.Nf6+ Kf4 47.Bh6+ Kg3 48.Bg5 f2 49.Rg2+ Kf3 50.Kh2
f1=N+ 0-1

[Event "2. Bundesliga West 2010/11"]
[Site "Hohenems"]
[Date "2010.10.16"]
[Round "2"]
[Board "5"]
[White "Karrer, Damian"]
[Black "Laske, Erich"]
[Result "1-0"]
[WhiteElo "2194"]
[BlackElo "2090"]
[PlyCount "93"]
[EventDate "2010.10.15"]
[EventType "team"]
[EventRounds "11"]
[EventCountry "AUT"]
[WhiteTeam "Dornbirn"]
[BlackTeam "Goetzis"]

1.e4 c5 2.Nf3 a6 3.c3 d6 4.d4 Nf6 5.e5 dxe5 6.Nxe5 e6 7.Be2 Be7 8.O-O cxd4
9.cxd4 Nbd7 10.Bf4 Nd5 11.Bg3 O-O 12.Nc3 N7f6 13.Bf3 Qa5 14.Qb3 Qb4 15.Nxd5 Nxd5
16.Bxd5 exd5 17.Qxb4 Bxb4 18.Rac1 Ba5 19.Nd3 Bd7 20.Bc7 Bd2 21.Rc5 Rfe8 22.Rd1
Bh6 23.Rxd5 Bg4 24.f3 Be3+ 25.Nf2 Be6 26.Re5 Bxa2 27.Re1 Rxe5 28.Bxe5 Bd2 29.Re2
Bb4 30.Ne4 Rc8 31.Kf2 Rc1 32.Bd6 Bc4 33.Bxb4 Bxe2 34.Kxe2 Rc2+ 35.Kd3 Rxb2
36.Kc3 Rxg2 37.d5 a5 38.Bc5 Rg6 39.d6 Rxd6 40.Nxd6 h5 41.Nxb7 a4 42.Kd4 Kh7
43.Ba3 Kg6 44.Ke4 Kg5 45.Nd6 f6 46.Nf5 g6 47.Bc1# 1-0

[Event "2. Bundesliga West 2010/11"]
[Site "Hohenems"]
[Date "2010.10.16"]
[Round "2"]
[Board "6"]
[White "Kranz, Armin"]
[Black "Kessler, Luca"]
[Result "1/2-1/2"]
[WhiteElo "2104"]
[BlackElo "2097"]
[PlyCount "118"]
[EventDate "2010.10.15"]
[EventType "team"]
[EventRounds "11"]
[EventCountry "AUT"]
[WhiteTeam "Goetzis"]
[BlackTeam "Dornbirn"]

1.d4 d5 2.Nf3 c6 3.c4 e6 4.e3 Nf6 5.Nc3 Nbd7 6.Qc2 Bd6 7.Be2 dxc4 8.Bxc4 O-O
9.O-O a6 10.a4 c5 11.Rd1 Qc7 12.Qe2 b6 13.h3 Bb7 14.b3 cxd4 15.exd4 Rfe8 16.Bb2
Nd5 17.Ne4 Nf4 18.Qe3 Bxe4 19.Qxe4 Nf6 20.Qe1 Qb7 21.h4 b5 22.axb5 axb5 23.Bf1
Qd5 24.Nd2 Qf5 25.Qe3 N6d5 26.Qe4 Rab8 27.Qxf5 exf5 28.g3 Ne2+ 29.Kg2 Rbc8
30.Kf3 Ndc3 31.Bxc3 Rxc3+ 32.Kg2 Rc2 33.Nf3 g6 34.Re1 Re4 35.Rxe2 Rexe2 36.Bxe2
Rxe2 37.Ra6 Bf8 38.Ra5 b4 39.Re5 Rb2 40.Re3 Bd6 41.Rd3 Kg7 42.Nd2 Rc2 43.Nc4 Rc3
44.Rxc3 bxc3 45.Ne3 f4 46.Nc2 h5 47.gxf4 Bxf4 48.Kf3 Bd6 49.b4 Kf6 50.b5 g5
51.hxg5+ Kxg5 52.b6 h4 53.Kg2 Kf4 54.b7 Ke4 55.Kh3 f5 56.Kxh4 f4 57.Kg4 Bb8
58.Nb4 Bd6 59.d5 f3 1/2-1/2

[Event "2. Bundesliga West 2010/11"]
[Site "Salzburg"]
[Date "2010.10.16"]
[Round "2"]
[Board "1"]
[White "Koepke, Christian"]
[Black "Medvegy, Zoltan"]
[Result "0-1"]
[WhiteElo "2381"]
[BlackElo "2522"]
[PlyCount "80"]
[EventDate "2010.10.15"]
[EventType "team"]
[EventRounds "11"]
[EventCountry "AUT"]
[WhiteTeam "Hypo Kufstein"]
[BlackTeam "ATSV Ranshofen"]

1.e4 c6 2.d4 d5 3.f3 g6 4.Nc3 Bg7 5.Be3 Qb6 6.a3 dxe4 7.fxe4 Nf6 8.h3 e5 9.Nf3
Nh5 10.Bf2 exd4 11.Nxd4 O-O 12.Nb3 Qc7 13.Qf3 Nd7 14.O-O-O Bh6+ 15.Kb1 Ne5
16.Qe2 Be6 17.Nd4 Bc4 18.Qe1 b5 19.g4 Nf6 20.Bg3 Rfe8 21.Qf2 Bg7 22.Bxc4 bxc4
23.Nf3 Nfd7 24.Nxe5 Nxe5 25.Ka2 Rab8 26.Rb1 Qa5 27.Qe2 Qa6 28.Rhd1 Rb7 29.Bf2
Bf8 30.Bd4 Reb8 31.Ka1 Bg7 32.Na2 c5 33.Bc3 Nc6 34.Bxg7 Kxg7 35.Qe3 Nd4 36.Qc3
Kg8 37.Nc1 Rb4 38.Rd2 Nb5 39.Qe5 Nxa3 40.Na2 Nxc2+ 0-1

[Event "2. Bundesliga West 2010/11"]
[Site "Salzburg"]
[Date "2010.10.16"]
[Round "2"]
[Board "3"]
[White "Levushkina,  Elena"]
[Black "Dovzik, Juri"]
[Result "1/2-1/2"]
[WhiteElo "2345"]
[BlackElo "2381"]
[PlyCount "226"]
[EventDate "2010.10.15"]
[EventType "team"]
[EventRounds "11"]
[EventCountry "AUT"]
[WhiteTeam "Hypo Kufstein"]
[BlackTeam "ATSV Ranshofen"]

1.e4 c5 2.Nf3 Nc6 3.c3 d6 4.d4 Nf6 5.Bd3 e5 6.dxe5 dxe5 7.Qc2 Bd6 8.O-O O-O
9.Bg5 h6 10.Bh4 g5 11.Bg3 Nh5 12.Rd1 Qf6 13.Nbd2 Nf4 14.Nc4 Bc7 15.Ne3 Ne7
16.Bf1 Be6 17.Bc4 Rad8 18.Qb3 Bc8 19.Ne1 b6 20.a4 a5 21.f3 h5 22.Qc2 Kg7 23.Bf1
Rxd1 24.Rxd1 Rd8 25.Rxd8 Bxd8 26.Nc4 Bc7 27.Nd3 Neg6 28.Ne3 Ne7 29.Bf2 Nxd3
30.Qxd3 Qc6 31.b3 Be6 32.Qc2 Qd6 33.Bc4 Bxc4 34.Nxc4 Qd7 35.Be3 f6 36.Qd2 Qxd2
37.Bxd2 h4 38.Kf2 Kf7 39.Ke3 Ke6 40.Kd3 Bd8 41.Ne3 Kd7 42.g3 hxg3 43.hxg3 Kc6
44.Kc4 Nc8 45.Nf5 Ne7 46.Ne3 Nc8 47.b4 Nd6+ 48.Kb3 Ne8 49.bxa5 bxa5 50.Bc1 Be7
51.Nf5 Bf8 52.Bd2 Nd6 53.c4 Nb7 54.Kc3 Bd6 55.Kd3 Bc7 56.Ne3 Bd8 57.Nd5 Kd7
58.Nc3 Ke6 59.Ne2 Bc7 60.Nc1 Bb6 61.Nb3 Bc7 62.Ke2 Kf7 63.Kf2 Kg6 64.Kg2 Kh5
65.Kh3 Bb6 66.Kg2 Kg6 67.Bc3 Bc7 68.Be1 Kh5 69.Kh3 Bd8 70.Bc3 Bc7 71.Bd2 Bd8
72.f4 gxf4 73.gxf4 Kg6 74.Kg4 Bc7 75.fxe5 fxe5 76.Bc3 Kf6 77.Be1 Ke6 78.Bf2 Bb6
79.Kg5 Nd6 80.Nd2 Ba7 81.Kg6 Bb6 82.Bh4 Bc7 83.Bg5 Bb6 84.Bh6 Bd8 85.Bg7 Be7
86.Bh6 Bd8 87.Be3 Bb6 88.Kg7 Ne8+ 89.Kf8 Nd6 90.Bf2 Ba7 91.Bh4 Bb6 92.Bg5 Nc8
93.Bh4 Nd6 94.Bf2 Ba7 95.Be3 Bb6 96.Bg5 Nc8 97.Kg8 Nd6 98.Be3 Ke7 99.Bh6 Ke6
100.Bf8 Nb7 101.Nb3 Ba7 102.Kg7 Bb6 103.Kg6 Ba7 104.Nc1 Bb6 105.Nd3 Ba7 106.Ne1
Bb6 107.Nd3 Ba7 108.Kg7 Bb6 109.Kg8 Ba7 110.Ne1 Bb6 111.Nd3 Ba7 112.Kh7 Bb6
113.Nc1 Kf7 1/2-1/2

[Event "2. Bundesliga West 2010/11"]
[Site "Salzburg"]
[Date "2010.10.16"]
[Round "2"]
[Board "4"]
[White "Sadilek, Peter"]
[Black "Rusche, Johannes"]
[Result "1/2-1/2"]
[WhiteElo "2213"]
[BlackElo "2234"]
[PlyCount "60"]
[EventDate "2010.10.15"]
[EventType "team"]
[EventRounds "11"]
[EventCountry "AUT"]
[WhiteTeam "ATSV Ranshofen"]
[BlackTeam "Hypo Kufstein"]

1.Nf3 c5 2.b3 Nf6 3.Bb2 e6 4.c4 Nc6 5.g3 Be7 6.Bg2 O-O 7.O-O b6 8.d4 cxd4 9.Nxd4
Bb7 10.Nc3 Qb8 11.Nc2 Nb4 12.e4 Nxc2 13.Qxc2 Bc6 14.Qe2 Qb7 15.Nd5 Bd8 16.Nxf6+
Bxf6 17.Bxf6 gxf6 18.Qh5 Kg7 19.Qg4+ Kh8 20.Qh5 Kg7 21.Rae1 Rg8 22.f4 d6 23.Rf2
Qe7 24.Rd1 Rad8 25.Rfd2 Ba8 26.b4 Qc7 27.e5 dxe5 28.fxe5 Qxe5 29.Qg4+ Kh6
30.Qh4+ Kg7 1/2-1/2

[Event "2. Bundesliga West 2010/11"]
[Site "Salzburg"]
[Date "2010.10.16"]
[Round "2"]
[Board "5"]
[White "Maurer, Jochen"]
[Black "Riediger, Martin"]
[Result "1-0"]
[WhiteElo "2215"]
[BlackElo "2252"]
[PlyCount "57"]
[EventDate "2010.10.15"]
[EventType "team"]
[EventRounds "11"]
[EventCountry "AUT"]
[WhiteTeam "Hypo Kufstein"]
[BlackTeam "ATSV Ranshofen"]

1.e4 c5 2.Nf3 e6 3.d4 cxd4 4.Nxd4 a6 5.Bd3 Nf6 6.O-O Qc7 7.f4 Bc5 8.c3 d6 9.Kh1
h5 10.Qe2 Nbd7 11.Nd2 e5 12.Nf5 g6 13.Ne3 Bxe3 14.Qxe3 Ng4 15.Qe2 exf4 16.Nf3
Nde5 17.Bxf4 Be6 18.Bg5 Qc5 19.Nxe5 Qxe5 20.Bf4 Qc5 21.b4 Qxc3 22.Bxd6 Rd8 23.e5
h4 24.h3 Nh6 25.Qf3 Nf5 26.Bb5+ axb5 27.Qxc3 Ng3+ 28.Kh2 Rc8 29.Qf3 1-0

[Event "2. Bundesliga West 2010/11"]
[Site "Salzburg"]
[Date "2010.10.16"]
[Round "2"]
[Board "6"]
[White "Hackbarth, Wolfgang"]
[Black "Kranewitter, Norbert"]
[Result "1/2-1/2"]
[WhiteElo "2081"]
[BlackElo "2092"]
[PlyCount "60"]
[EventDate "2010.10.15"]
[EventType "team"]
[EventRounds "11"]
[EventCountry "AUT"]
[WhiteTeam "ATSV Ranshofen"]
[BlackTeam "Hypo Kufstein"]

1.c4 e5 2.g3 Nf6 3.Bg2 Nc6 4.Nc3 Bb4 5.e3 Bxc3 6.bxc3 O-O 7.d3 d6 8.e4 Re8 9.Nf3
h6 10.O-O Be6 11.h3 Qd7 12.Kh2 Nh7 13.Rb1 b6 14.Qe2 Na5 15.Nd2 Rad8 16.Nb3 Nxb3
17.axb3 a5 18.Be3 f6 19.Rbd1 Qf7 20.f4 Bd7 21.f5 Ra8 22.Ra1 Ra7 23.Ra3 Rea8
24.Rfa1 Bc6 25.h4 Rb8 26.g4 Qe7 27.Bf3 Kf8 28.Qb2 Ke8 29.R1a2 Kd7 30.Qa1 Qd8 1/2-1/2

[Event "2. Bundesliga West 2010/11"]
[Site "Salzburg"]
[Date "2010.10.16"]
[Round "2"]
[Board "1"]
[White "Schmidt, Georg"]
[Black "Krstic, Uros"]
[Result "0-1"]
[WhiteElo "2362"]
[BlackElo "2410"]
[PlyCount "76"]
[EventDate "2010.10.15"]
[EventType "team"]
[EventRounds "11"]
[EventCountry "AUT"]
[WhiteTeam "Mozart 1910"]
[BlackTeam "Schwarzach"]

1.e4 e5 2.Nf3 Nc6 3.Bb5 Bc5 4.O-O Qf6 5.Nc3 Nge7 6.d3 h6 7.Be3 Bb6 8.Bxb6 axb6
9.Re1 O-O 10.Nd5 Nxd5 11.exd5 Nb4 12.Bc4 d6 13.c3 Na6 14.d4 Bg4 15.Re3 Nb8 16.h3
Bxf3 17.Rxf3 Qh4 18.Bb5 Ra5 19.a4 c6 20.dxc6 bxc6 21.b4 Ra7 22.Bf1 e4 23.Re3 d5
24.c4 dxc4 25.Bxc4 Rd8 26.Ra2 Qe7 27.Rb2 Rad7 28.Qg4 Rxd4 29.Rg3 Qf6 30.Rc2 e3
31.Qf3 Qxf3 32.Rxf3 Rxc4 33.Rxc4 Rd1+ 34.Kh2 e2 35.Re3 e1=Q 36.Rxe1 Rxe1 37.b5
Re6 38.Rd4 Kf8 0-1

[Event "2. Bundesliga West 2010/11"]
[Site "Salzburg"]
[Date "2010.10.16"]
[Round "2"]
[Board "2"]
[White "Hecht, Hans-Joachim"]
[Black "Panteleev, Petar"]
[Result "1/2-1/2"]
[WhiteElo "2374"]
[BlackElo "2329"]
[PlyCount "63"]
[EventDate "2010.10.15"]
[EventType "team"]
[EventRounds "11"]
[EventCountry "AUT"]
[WhiteTeam "Schwarzach"]
[BlackTeam "Mozart 1910"]

1.d4 d5 2.c4 c6 3.Nf3 Nf6 4.e3 Bf5 5.Nc3 e6 6.Nh4 Be4 7.f3 Bg6 8.Nxg6 hxg6 9.Qb3
Qc7 10.Bd2 Be7 11.O-O-O dxc4 12.Bxc4 b5 13.Bd3 a6 14.Ne4 c5 15.Nxc5 Nbd7 16.Kb1
Nxc5 17.dxc5 Bxc5 18.Rc1 Qb6 19.Qc3 Bd6 20.h3 Kd7 21.Qa5 Qxa5 22.Bxa5 Rhc8 23.e4
Ke7 24.Bc3 e5 25.Rhd1 Nh5 26.Bf1 g5 27.Be1 Nf4 28.g3 Ne6 29.Bc3 f6 30.a3 Rc6
31.b4 Rac8 32.Bb2 1/2-1/2

[Event "2. Bundesliga West 2010/11"]
[Site "Salzburg"]
[Date "2010.10.16"]
[Round "2"]
[Board "3"]
[White "Hanel, Reinhard"]
[Black "Hrvacic, Pavle"]
[Result "1/2-1/2"]
[WhiteElo "2275"]
[BlackElo "2266"]
[PlyCount "131"]
[EventDate "2010.10.15"]
[EventType "team"]
[EventRounds "11"]
[EventCountry "AUT"]
[WhiteTeam "Mozart 1910"]
[BlackTeam "Schwarzach"]

1.c4 g6 2.Nc3 Bg7 3.Nf3 d6 4.d4 Nd7 5.g3 e5 6.Bg2 Ne7 7.O-O O-O 8.e4 exd4 9.Nxd4
Nc6 10.Nxc6 bxc6 11.Qc2 a5 12.Rb1 Rb8 13.Bd2 Nc5 14.Na4 Nb7 15.c5 dxc5 16.Rfd1
Bd4 17.Bc3 Qf6 18.Bxd4 cxd4 19.Nc5 Rd8 20.Na6 Ra8 21.Nxc7 Ra7 22.e5 Qxe5 23.Qxc6
Bd7 24.Qb6 Qc5 25.Nd5 Qxb6 26.Nxb6 Be6 27.Rbc1 Rd6 28.Nc8 Bxc8 29.Rxc8+ Nd8
30.Bh3 Kg7 31.Rc4 f5 32.Rcxd4 Rxd4 33.Rxd4 Nc6 34.Rd1 Ne5 35.f4 Nf7 36.Bg2 Rc7
37.b3 Kf6 38.Rd5 Ra7 39.Bf1 Ke7 40.Bc4 Nd6 41.Re5+ Kd8 42.Bd3 Kd7 43.Kf2 Nf7
44.Rc5 Nd8 45.Bc4 Kd6 46.Rd5+ Ke7 47.a3 Nf7 48.Ke3 Nd6 49.Bd3 Rb7 50.Bc2 a4
51.bxa4 Nc4+ 52.Kd4 Nxa3 53.Bd3 Rb4+ 54.Kc3 Rxa4 55.Kb3 Ra7 56.Kb4 Ke6 57.Rc5
Kd6 58.Rc3 Nb1 59.Rc1 Rb7+ 60.Ka4 Ra7+ 61.Kb5 Nd2 62.Rd1 Ra2 63.Bc4 Rb2+ 64.Ka4
Kc5 65.Bg8 Ne4 66.Rc1+ 1/2-1/2

[Event "2. Bundesliga West 2010/11"]
[Site "Salzburg"]
[Date "2010.10.16"]
[Round "2"]
[Board "4"]
[White "Ljubic, Juro"]
[Black "Opl, Klaus"]
[Result "1-0"]
[WhiteElo "2186"]
[BlackElo "2360"]
[PlyCount "125"]
[EventDate "2010.10.15"]
[EventType "team"]
[EventRounds "11"]
[EventCountry "AUT"]
[WhiteTeam "Schwarzach"]
[BlackTeam "Mozart 1910"]

1.e4 e6 2.d3 d5 3.Qe2 Nc6 4.Nf3 dxe4 5.dxe4 e5 6.c3 a5 7.Qc2 Nf6 8.Bb5 Bd7 9.Bg5
Be7 10.Nbd2 Nh5 11.Be3 Nf4 12.Bxf4 exf4 13.Bxc6 Bxc6 14.Ne5 Qd6 15.Nxc6 Qxc6
16.O-O O-O 17.Nf3 Bc5 18.Rad1 Rad8 19.h3 h6 20.e5 Qb6 21.Rd2 Rxd2 22.Qxd2 Qe6
23.b3 a4 24.c4 axb3 25.axb3 Qb6 26.Rb1 c6 27.b4 Be7 28.Qxf4 Rd8 29.Qe4 Qc7 30.c5
Qd7 31.Re1 Qd5 32.Qxd5 Rxd5 33.Kf1 Rd3 34.Re4 Rb3 35.Ke2 Rb2+ 36.Ke3 Kf8 37.Rc4
Ke8 38.g3 Rb3+ 39.Ke2 Rb2+ 40.Ke3 Rb3+ 41.Ke2 Rb2+ 42.Kf1 Bg5 43.h4 Bd2 44.Nxd2
Rxd2 45.h5 Rd1+ 46.Ke2 Rd5 47.f4 Ke7 48.Ke3 Rd1 49.Rd4 Rh1 50.g4 Rh3+ 51.Ke4 Rb3
52.Kf5 Rb1 53.Re4 Rd1 54.b5 Rc1 55.bxc6 bxc6 56.Ra4 Rxc5 57.Ra7+ Ke8 58.Ra8+ Ke7
59.Rg8 Rd5 60.Rxg7 c5 61.g5 hxg5 62.h6 Kf8 63.Rxg5 1-0

[Event "2. Bundesliga West 2010/11"]
[Site "Salzburg"]
[Date "2010.10.16"]
[Round "2"]
[Board "5"]
[White "Azad, Razik"]
[Black "Huber, David"]
[Result "1-0"]
[WhiteElo "2138"]
[BlackElo "2142"]
[PlyCount "74"]
[EventDate "2010.10.15"]
[EventType "team"]
[EventRounds "11"]
[EventCountry "AUT"]
[WhiteTeam "Mozart 1910"]
[BlackTeam "Schwarzach"]

1.e4 Nc6 2.Nf3 f5 3.exf5 d5 4.Bb5 Bxf5 5.Ne5 Qd6 6.d4 Nf6 7.O-O Nd7 8.Bxc6 bxc6
9.Bf4 Nxe5 10.Bxe5 Qg6 11.Nc3 e6 12.Bxc7 Be7 13.Qd2 O-O 14.Rac1 Rf7 15.Be5 c5
16.Ne2 cxd4 17.Nxd4 Be4 18.f3 Bg5 19.f4 Bf6 20.Bxf6 Qxf6 21.Rf2 Raf8 22.Rcf1 Qg6
23.Nc6 Qh5 24.c3 Rc8 25.Ne5 Rb7 26.Qd4 Rcb8 27.c4 a5 28.b3 Rc8 29.c5 Rb4 30.Qd3
a4 31.Qc3 Rb5 32.b4 Qf5 33.a3 Rd8 34.Nc6 Rd7 35.Nd4 Qf6 36.Nxb5 d4 37.Qd2 Bc6 1-0

[Event "2. Bundesliga West 2010/11"]
[Site "Salzburg"]
[Date "2010.10.16"]
[Round "2"]
[Board "6"]
[White "Pichler, Andreas"]
[Black "Peterwagner, Heinz"]
[Result "1/2-1/2"]
[WhiteElo "1985"]
[BlackElo "2156"]
[PlyCount "113"]
[EventDate "2010.10.15"]
[EventType "team"]
[EventRounds "11"]
[EventCountry "AUT"]
[WhiteTeam "Schwarzach"]
[BlackTeam "Mozart 1910"]

1.e4 c5 2.Nf3 Nc6 3.d4 cxd4 4.Nxd4 Nf6 5.Nc3 e5 6.Ndb5 d6 7.Bg5 a6 8.Na3 b5
9.Bxf6 gxf6 10.Nd5 Bg7 11.Qh5 Ne7 12.Ne3 f5 13.exf5 d5 14.Qg5 Nxf5 15.Qxd8+ Kxd8
16.Nxd5 Ra7 17.c3 Be6 18.Nb4 Kc7 19.Bxb5 axb5 20.Nxb5+ Kb6 21.Nxa7 Kxa7 22.O-O-O
Rc8 23.Kb1 Bf8 24.Nc2 Bc5 25.Rd2 Nd6 26.Re2 e4 27.Ne3 f5 28.g3 Nf7 29.Ng2 Ne5
30.b3 Nd3 31.Nf4 Nxf4 32.gxf4 Bd6 33.c4 Bxf4 34.f3 e3 35.Rhe1 Bd7 36.Rxe3 Bxe3
37.Rxe3 Re8 38.Rxe8 Bxe8 39.f4 Kb6 40.Kb2 Kc5 41.Kc3 Bf7 42.b4+ Kc6 43.Kd4 Kb6
44.a4 Be8 45.c5+ Ka6 46.b5+ Ka5 47.Kd5 Kxa4 48.b6 Kb5 49.b7 Bc6+ 50.Ke5 Bxb7
51.Kxf5 Kxc5 52.Ke5 Bd5 53.h4 h5 54.f5 Bc4 55.Kf6 Kd6 56.Kg6 Ke7 57.Kxh5 1/2-1/2